The buried life : (Record no. 18260)
[ view plain ]
| 000 -LEADER | |
|---|---|
| fixed length control field | 00900cam a2200253 a 4500 |
| 001 - CONTROL NUMBER | |
| control field | 18260 |
| 003 - CONTROL NUMBER IDENTIFIER | |
| rucl marc code | BD-RjUL |
| 005 - DATE AND TIME OF LATEST TRANSACTION | |
| control field | 20211209000247.0 |
| 008 - FIXED-LENGTH DATA ELEMENTS--GENERAL INFORMATION | |
| fixed length control field | 140220s1952 enkcj 000 0 eng d |
| 035 ## - SYSTEM CONTROL NUMBER | |
| System control number | 53-25502 |
| System control number | (BD-RjUL) |
| 040 ## - CATALOGING SOURCE | |
| Original cataloging agency | DLC |
| Transcribing agency | MFM |
| Modifying agency | BD-RjUL |
| Language of cataloging | eng |
| 041 ## - LANGUAGE CODE | |
| Language code of text/sound track or separate title | eng |
| 082 ## - DEWEY DECIMAL CLASSIFICATION NUMBER | |
| Edition number | 22 |
| Classification number | 820.9008 |
| Author mark and year | RAB |
| 100 1# - MAIN ENTRY--PERSONAL NAME | |
| Personal name | Ray, Gordon Norton, |
| Dates associated with a name | 1915-1986. |
| 9 (RLIN) | 56207 |
| 245 14 - TITLE STATEMENT | |
| Title | The buried life : |
| Remainder of title | a study of the relation between Thackeray's fiction and his personal history / |
| Statement of responsibility, etc. | by Gordon N. Ray |
| 260 ## - PUBLICATION, DISTRIBUTION, ETC. (IMPRINT) | |
| Place of publication, distribution, etc. | London : |
| Name of publisher, distributor, etc. | published for the Royal Society of Literature by Oxford University Press, |
| Date of publication, distribution, etc. | 1952. |
| 300 ## - PHYSICAL DESCRIPTION | |
| Pagination | vi, 148 p. : |
| Illustrations | port., geneal. table ; |
| Size | 22 cm |
| 504 ## - BIBLIOGRAPHY, ETC. NOTE | |
| Bibliography, etc | Bibliographical references included in "Notes" (p. [128]-142) |
| 600 10 - SUBJECT ADDED ENTRY--PERSONAL NAME | |
| Personal name | Thackeray, William Makepeace, |
| Dates associated with a name | 1811-1863. |
| 942 ## - ADDED ENTRY ELEMENTS (KOHA) | |
| Source of classification or shelving scheme | Dewey Decimal Classification |
| Koha item type | Books |
| Lost status | Source of classification or shelving scheme | Damaged status | Not for loan | Collection code | Permanent Location | Current Location | Shelving location | Date acquired | Source of acquisition | Cost, normal purchase price | Total Checkouts | Full call number | Date last seen | Copy number | Koha item type |
|---|---|---|---|---|---|---|---|---|---|---|---|---|---|---|---|
| Dewey Decimal Classification | Not For Loan | Fiction | Central Library, University of Rajshahi | Central Library, University of Rajshahi | Reading Room | 06/03/1973 | Book Center Dacca | 0.10 | 820.9008 RAB 1952 | 20/02/2014 | C-1 | Books |